[Event "Titled Tuesday 2021.01.12"]
[Site "Chess.com INT"]
[Date "2021.01.12"]
[Round "11"]
[White "Bharath, Subramaniyam H"]
[Black "Golubka, Petro"]
[Result "0-1"]
[WhiteElo "2437"]
[BlackElo "2471"]
[WhiteFideId "-1"]
[BlackFideId "-1"]
[PlyCount "185"]
[GameId "1606079944495104"]
[EventDate "2021.01.12"]
[EventType "swiss (blitz)"]
[EventRounds "11"]
[EventCountry "NET"]
[SourceTitle "CBM 200 Extra"]
[Source "ChessBase"]
[SourceDate "2021.03.31"]
[SourceVersion "1"]
[SourceVersionDate "2021.03.31"]
[SourceQuality "1"]

1. e4 e5 2. f4 Nc6 3. Nf3 f5 4. d3 d6 5. Nc3 Nf6 6. exf5 Bxf5 7. fxe5 dxe5 8. Bg5 Bb4 9. Be2 Bc5 10. Qd2 Qd7 11. O-O-O O-O-O 12. h3 Kb8 13. Rhf1 Be6 14. g4 Bb4 15. a3 Ba5 16. Rde1 Qd6 17. Bd1 Rhe8 18. Kb1 Nd5 19. Ne4 Bxd2 20. Nxd6 cxd6 21. Nxd2 Rd7 22. Ne4 Kc8 23. Bd2 h6 24. c3 Rh8 25. Rf2 g5 26. Ref1 Nf4 27. Kc2 Kc7 28. h4 Rg7 29. Rh2 Rhg8 30. hxg5 hxg5 31. Rh6 Nd8 32. d4 Bc4 33. Rf3 Bd5 34. Re3 exd4 35. cxd4 Nc6 36. Bc3 Re7 37. Bf3 Rge8 38. Nf6 Rxe3 39. Nxd5+ Nxd5 40. Bxd5 Rg3 41. Rh7+ Re7 42. Rh8 Rxg4 43. Rg8 Nxd4+ 44. Kb1 Nc6 45. Ka2 Rg3 46. Bf6 Rd7 47. Bxg5 Ne5 48. Bd8+ Rxd8 49. Rxg3 Rd7 50. Rg8 Kb6 51. Rh8 Kc5 52. Be6 Re7 53. Rc8+ Nc6 54. Bh3 d5 55. b4+ Kd6 56. Bg2 Re2+ 57. Kb3 Rxg2 58. Rh8 Rg3+ 59. Ka4 a6 60. Rh6+ Kc7 61. Rh7+ Kb8 62. Rh8+ Ka7 63. Rh7 Rg4 64. Rc7 Rd4 65. Rd7 Kb8 66. Rh7 b5+ 67. Kb3 Rd3+ 68. Kb2 Re3 69. Rh6 Kb7 70. Rh7+ Kb6 71. Rh6 d4 72. Rd6 Re4 73. Kc2 Kc7 74. Rh6 Re3 75. Kb2 Rc3 76. Rh7+ Kb6 77. Rh6 a5 78. bxa5+ Kxa5 79. Rd6 Kb6 80. Rxd4 Rxa3 81. Rd6 Ra4 82. Rh6 Rc4 83. Rg6 Ka5 84. Rh6 Rc5 85. Rh3 b4 86. Rh8 Kb5 87. Rg8 Na5 88. Rg3 Nc4+ 89. Ka2 Nb6 90. Kb2 Nd5 91. Ka2 Rc3 92. Kb2 Rxg3 93. Ka2 0-1

[Event "Cracovia op-A"]
[Site "Krakow POL"]
[Date "2020.12.27"]
[Round "1.7"]
[White "Golubka, Petro"]
[Black "Suder, Jakub"]
[Result "1-0"]
[WhiteElo "2471"]
[BlackElo "2239"]
[WhiteFideId "-1"]
[BlackFideId "-1"]
[PlyCount "115"]
[GameId "2130307590581238"]
[EventDate "2020.12.27"]
[EventType "swiss"]
[EventRounds "9"]
[EventCountry "POL"]
[SourceTitle "10 Days #638"]
[Source "ChessMix"]
[SourceDate "2021.01.10"]
[SourceVersion "1"]
[SourceVersionDate "2021.01.10"]
[SourceQuality "1"]

1. e4 c5 2. Nf3 e6 3. d4 cxd4 4. Nxd4 Nf6 5. Bd3 Nc6 6. Nb3 d5 7. exd5 Nxd5 8. Qe2 Be7 9. O-O Qc7 10. c4 Nf4 11. Bxf4 Qxf4 12. g3 Qh6 13. Nc3 O-O 14. Rad1 f5 15. c5 e5 16. Bc4+ Kh8 17. Bd5 f4 18. Rfe1 Be6 19. Bxc6 bxc6 20. Qxe5 Bxb3 21. axb3 Qh3 22. Qe6 Qxe6 23. Rxe6 Bxc5 24. Rxc6 Bb6 25. g4 f3 26. Kf1 Rab8 27. Rd3 h6 28. h3 Kh7 29. Nd5 Bd8 30. Rcc3 Ba5 31. Rc4 Rb7 32. b4 Bd8 33. Rcc3 Rbf7 34. b5 Kg6 35. Rc5 Re8 36. Ne3 Bb6 37. Rc6+ Kh7 38. Nc4 Re2 39. Rxf3 Rxf2+ 40. Rxf2 Bxf2 41. Ne5 Rf8 42. Ng6 Rf7 43. Ke2 Bd4 44. h4 Rf6 45. h5 Kg8 46. Kd3 Bg1 47. Rxf6 gxf6 48. Ne7+ Kg7 49. Nf5+ Kh7 50. Ke4 Bh2 51. b3 Bg1 52. Kd5 Bh2 53. Ke6 Be5 54. Kf7 Bc3 55. Ne7 Bd4 56. Nc6 Be3 57. Kxf6 Kg8 58. Kg6 1-0

[Event "Cracovia op-A"]
[Site "Krakow POL"]
[Date "2020.12.28"]
[Round "2.5"]
[White "Baum, Jonasz"]
[Black "Golubka, Petro"]
[Result "1-0"]
[WhiteElo "2308"]
[BlackElo "2471"]
[WhiteFideId "-1"]
[BlackFideId "-1"]
[PlyCount "79"]
[GameId "2130307590585365"]
[EventDate "2020.12.27"]
[EventType "swiss"]
[EventRounds "9"]
[EventCountry "POL"]
[SourceTitle "10 Days #638"]
[Source "ChessMix"]
[SourceDate "2021.01.10"]
[SourceVersion "1"]
[SourceVersionDate "2021.01.10"]
[SourceQuality "1"]

1. d4 Nf6 2. c4 g6 3. Nc3 Bg7 4. e4 O-O 5. f3 d6 6. Be3 b6 7. Qd2 c5 8. d5 e6 9. Nge2 exd5 10. cxd5 Nbd7 11. Ng3 a6 12. a4 h5 13. Be2 h4 14. Nf1 Nh7 15. Bh6 f5 16. Bxg7 Kxg7 17. exf5 Rxf5 18. Ne3 Rf7 19. O-O Nhf6 20. Nc4 Ne5 21. Nxe5 dxe5 22. Qg5 h3 23. Bd3 hxg2 24. Rf2 Bb7 25. Bxg6 Nxd5 26. Qxd8 Rxd8 27. Bxf7 Nxc3 28. bxc3 Kxf7 29. Rb1 Rd6 30. Kxg2 Rg6+ 31. Kf1 Bd5 32. Ke2 Ba2 33. Rb2 Bc4+ 34. Ke3 b5 35. f4 bxa4 36. fxe5+ Kg7 37. Rb7+ Kh6 38. Rf6 a3 39. Rb1 a2 40. Rg1 1-0

[Event "Cracovia op-A"]
[Site "Krakow POL"]
[Date "2020.12.29"]
[Round "3.14"]
[White "Golubka, Petro"]
[Black "Deuer, Marius"]
[Result "0-1"]
[WhiteElo "2471"]
[BlackElo "2252"]
[WhiteFideId "-1"]
[BlackFideId "-1"]
[PlyCount "70"]
[GameId "2130307590585407"]
[EventDate "2020.12.27"]
[EventType "swiss"]
[EventRounds "9"]
[EventCountry "POL"]
[SourceTitle "10 Days #638"]
[Source "ChessMix"]
[SourceDate "2021.01.10"]
[SourceVersion "1"]
[SourceVersionDate "2021.01.10"]
[SourceQuality "1"]

1. d4 d5 2. Nc3 Nf6 3. Bg5 g6 4. Qd2 Nbd7 5. f3 h6 6. Bh4 Bg7 7. O-O-O c6 8. e4 dxe4 9. fxe4 b5 10. Bd3 Nb6 11. Nf3 O-O 12. h3 Ne8 13. g4 Nd6 14. Bf2 Be6 15. b3 Rb8 16. Be3 Qc7 17. e5 Ne8 18. Bxh6 Nc4 19. Bxc4 bxc4 20. Bxg7 Kxg7 21. Ng5 Bd5 22. Rhf1 Qa5 23. Qe3 Nc7 24. Rf4 cxb3 25. axb3 Bxb3 26. h4 Bc4 27. Qf3 Nb5 28. Nb1 Qa1 29. d5 Qxb1+ 30. Kxb1 Nd4+ 31. Kc1 Nxf3 32. Rxc4 cxd5 33. Rc7 Nxg5 34. hxg5 e6 35. Rf1 Rb4 0-1

[Event "Cracovia op-A"]
[Site "Krakow POL"]
[Date "2020.12.30"]
[Round "4.22"]
[White "Kubicka, Anna"]
[Black "Golubka, Petro"]
[Result "0-1"]
[WhiteElo "2256"]
[BlackElo "2471"]
[WhiteFideId "-1"]
[BlackFideId "-1"]
[PlyCount "130"]
[GameId "2130307590589543"]
[EventDate "2020.12.27"]
[EventType "swiss"]
[EventRounds "9"]
[EventCountry "POL"]
[SourceTitle "10 Days #638"]
[Source "ChessMix"]
[SourceDate "2021.01.10"]
[SourceVersion "1"]
[SourceVersionDate "2021.01.10"]
[SourceQuality "1"]

1. e4 g6 2. d4 Bg7 3. Nc3 d6 4. Nge2 a6 5. a4 Nf6 6. g3 O-O 7. Bg2 e5 8. h3 Nc6 9. Be3 Re8 10. O-O Bd7 11. Qd2 Qc8 12. Kh2 h5 13. d5 Na5 14. Qd3 b6 15. b4 Nb7 16. a5 b5 17. Rac1 Nd8 18. Na2 c5 19. dxc6 Be6 20. Nac3 Nxc6 21. Rb1 Bc4 22. Qd2 Qd7 23. Rfd1 Bf8 24. Bg5 Nh7 25. Be3 Rac8 26. Nd5 Bxd5 27. Qxd5 Nf6 28. Qd2 Nd8 29. Bg5 Nh7 30. Be3 Ne6 31. f4 exf4 32. Nxf4 Nxf4 33. Bxf4 Qe6 34. Rf1 Red8 35. Rf2 Bg7 36. Rb3 Be5 37. Bg5 Nxg5 38. Qxg5 Rf8 39. Rbf3 Rc4 40. c3 Rxc3 41. h4 Qb3 42. Rxc3 Qxc3 43. Bh3 Kg7 44. Rg2 Qxb4 45. Qe3 Qxa5 46. Qa7 Qc3 47. Qxa6 b4 48. Qb7 b3 49. Be6 b2 50. Ba2 Qf3 51. Bb1 Qf6 52. Kg1 Qe6 53. Kh2 Rc8 54. Bd3 Rc3 55. Qb5 Rxd3 56. Qxd3 Qa2 57. Qc2 Qa3 58. Qb1 Qf3 59. Kh1 Kh7 60. Kh2 g5 61. hxg5 h4 62. g6+ Kxg6 63. Kg1 hxg3 64. Kh1 Qh5+ 65. Kg1 Bd4+ 0-1

[Event "Cracovia op-A"]
[Site "Krakow POL"]
[Date "2020.12.31"]
[Round "5.13"]
[White "Golubka, Petro"]
[Black "Klepek, Witold"]
[Result "1/2-1/2"]
[WhiteElo "2471"]
[BlackElo "2170"]
[WhiteFideId "-1"]
[BlackFideId "-1"]
[PlyCount "109"]
[GameId "2130307590589567"]
[EventDate "2020.12.27"]
[EventType "swiss"]
[EventRounds "9"]
[EventCountry "POL"]
[SourceTitle "10 Days #638"]
[Source "ChessMix"]
[SourceDate "2021.01.10"]
[SourceVersion "1"]
[SourceVersionDate "2021.01.10"]
[SourceQuality "1"]

1. e4 e6 2. d4 d5 3. Nd2 c5 4. Ngf3 cxd4 5. exd5 Qxd5 6. Bc4 Qd6 7. Qe2 Nf6 8. Nb3 Nc6 9. Bg5 a6 10. O-O-O b5 11. Bd3 Be7 12. Rhe1 Bb7 13. Kb1 O-O 14. h4 Rfd8 15. c3 Nd5 16. cxd4 Nf4 17. Bxh7+ Kh8 18. Bxf4 Qxf4 19. Bc2 Nb4 20. Be4 Ra7 21. Ne5 Bxe4+ 22. Qxe4 Qxe4+ 23. Rxe4 Bf6 24. Nc5 Rd6 25. a3 Nd5 26. h5 b4 27. a4 Rc7 28. Nc4 Rdc6 29. Na5 Rd6 30. Nab3 Ne7 31. g4 e5 32. Ree1 exd4 33. f4 d3 34. Rxd3 Rxd3 35. Nxd3 g5 36. hxg6 fxg6 37. Nbc5 Nd5 38. Nxa6 Rc4 39. g5 Bg7 40. Nac5 Nxf4 41. Rc1 Rd4 42. Nxf4 Rxf4 43. Ne6 Re4 44. Rc8+ Kh7 45. Nxg7 b3 46. Kc1 Kxg7 47. Rc7+ Kf8 48. a5 Ra4 49. Ra7 Rc4+ 50. Kd1 Rc2 51. a6 Rxb2 52. Rb7 Rb1+ 53. Kd2 Ra1 54. a7 b2 55. Rxb2 1/2-1/2

[Event "Cracovia op-A"]
[Site "Krakow POL"]
[Date "2021.01.02"]
[Round "7.21"]
[White "Wikar, Martyna"]
[Black "Golubka, Petro"]
[Result "1/2-1/2"]
[WhiteElo "2171"]
[BlackElo "2471"]
[WhiteFideId "-1"]
[BlackFideId "-1"]
[PlyCount "165"]
[GameId "2130307590593735"]
[EventDate "2020.12.27"]
[EventType "swiss"]
[EventRounds "9"]
[EventCountry "POL"]
[SourceTitle "10 Days #638"]
[Source "ChessMix"]
[SourceDate "2021.01.10"]
[SourceVersion "1"]
[SourceVersionDate "2021.01.10"]
[SourceQuality "1"]

1. e4 e5 2. Nf3 Nc6 3. Bc4 Bc5 4. d3 Nf6 5. Nbd2 d6 6. c3 a6 7. Bb3 h6 8. h3 Ba7 9. Nf1 b5 10. Ng3 O-O 11. O-O Na5 12. Bc2 c5 13. d4 cxd4 14. cxd4 Be6 15. b3 Re8 16. Bb2 Rc8 17. dxe5 dxe5 18. Bxe5 Qxd1 19. Bxd1 Red8 20. Be2 Rc2 21. Ne1 Rcc8 22. Nf3 Rc2 23. Rfc1 Rdc8 24. Rxc2 Rxc2 25. Ne1 Rc8 26. Nd3 Nc6 27. Bxf6 gxf6 28. Rc1 Nd4 29. Rxc8+ Bxc8 30. Bg4 Bb7 31. Nh5 f5 32. Bxf5 Ne2+ 33. Kf1 Nc3 34. Nf6+ Kh8 35. a3 a5 36. Bd7 Bd4 37. e5 b4 38. axb4 Ba6 39. Bf5 axb4 40. Kg1 Bxd3 41. Bxd3 Nd1 42. Ne4 Bxe5 43. Kf1 Nc3 44. Ng3 Bf4 45. Nf5 Bd2 46. g3 f6 47. f4 Kh7 48. Nd6+ Kg7 49. Nc4 Bc1 50. Ke1 Kf8 51. h4 Ke7 52. Bf5 Nd5 53. Ke2 Nc3+ 54. Kd3 Nb5 55. Bg4 Nd6 56. Ne3 f5 57. Nxf5+ Nxf5 58. Bxf5 Kf6 59. Ke4 Bd2 60. Bd7 Be1 61. Kf3 Kg6 62. Be8+ Kf6 63. Kg4 Bf2 64. Kh3 Be3 65. Bd7 Bd2 66. f5 Ke5 67. g4 Kf6 68. g5+ hxg5 69. h5 Be3 70. Kg4 Bc5 71. h6 Bf8 72. h7 Kg7 73. f6+ Kxh7 74. Kxg5 Bh6+ 75. Kh5 Be3 76. Be6 Bd2 77. Bf7 Be3 78. Kg4 Bf2 79. Kf5 Bh4 80. Bc4 Kh6 81. Ke6 Kg6 82. Bd3+ Kh6 83. Kf7 1/2-1/2

[Event "Cracovia op-A"]
[Site "Krakow POL"]
[Date "2021.01.03"]
[Round "8.21"]
[White "Lorscheid, Gerhard"]
[Black "Golubka, Petro"]
[Result "0-1"]
[WhiteElo "2199"]
[BlackElo "2471"]
[WhiteFideId "-1"]
[BlackFideId "-1"]
[PlyCount "60"]
[GameId "2130307590593767"]
[EventDate "2020.12.27"]
[EventType "swiss"]
[EventRounds "9"]
[EventCountry "POL"]
[SourceTitle "10 Days #638"]
[Source "ChessMix"]
[SourceDate "2021.01.10"]
[SourceVersion "1"]
[SourceVersionDate "2021.01.10"]
[SourceQuality "1"]

1. d4 d5 2. c4 e6 3. Nc3 c5 4. e3 Nf6 5. Nf3 a6 6. cxd5 exd5 7. a4 Nc6 8. Be2 Be6 9. O-O Rc8 10. Ne5 Bd6 11. Nxc6 Rxc6 12. Bf3 O-O 13. dxc5 Rxc5 14. g3 Be5 15. Bd2 Qb6 16. a5 Qd6 17. Na4 Rc4 18. Bc3 Nd7 19. Be2 Rc6 20. Bxe5 Nxe5 21. Qd4 Rc2 22. Bd1 Bh3 23. Re1 Rc4 24. Qb6 Qd7 25. Nc3 Nd3 26. Re2 Rb4 27. Qa7 Nxb2 28. Qc5 Rc4 29. Qxd5 Qxd5 30. Nxd5 Nxd1 0-1

[Event "Cracovia op-A"]
[Site "Krakow POL"]
[Date "2021.01.04"]
[Round "9.16"]
[White "Golubka, Petro"]
[Black "Redzisz, Michal"]
[Result "1/2-1/2"]
[WhiteElo "2471"]
[BlackElo "2237"]
[WhiteFideId "-1"]
[BlackFideId "-1"]
[PlyCount "103"]
[GameId "2130307590597891"]
[EventDate "2020.12.27"]
[EventType "swiss"]
[EventRounds "9"]
[EventCountry "POL"]
[SourceTitle "10 Days #638"]
[Source "ChessMix"]
[SourceDate "2021.01.10"]
[SourceVersion "1"]
[SourceVersionDate "2021.01.10"]
[SourceQuality "1"]

1. Nf3 Nf6 2. c4 c5 3. Nc3 Nc6 4. d4 cxd4 5. Nxd4 g6 6. e4 Bg7 7. Be3 O-O 8. Be2 d6 9. Qd2 Bd7 10. f3 Nxd4 11. Bxd4 a5 12. O-O-O a4 13. h4 Qa5 14. h5 Rfc8 15. hxg6 hxg6 16. g4 Be6 17. g5 Nh5 18. Bxg7 Kxg7 19. f4 Ng3 20. Qd4+ f6 21. gxf6+ exf6 22. Qxd6 Nxe2+ 23. Nxe2 Bxc4 24. Kb1 Qc7 25. Qd2 a3 26. b3 Bxe2 27. Qxe2 Rd8 28. e5 Rxd1+ 29. Rxd1 fxe5 30. fxe5 Rd8 31. Rc1 Qd7 32. e6 Qd3+ 33. Qxd3 Rxd3 34. Rc7+ Kf6 35. e7 Re3 36. Rxb7 Rxe7 37. Rxe7 Kxe7 38. Kc2 Kd6 39. Kd3 Kc5 40. Ke3 Kb4 41. Kd3 g5 42. Ke3 g4 43. Kf2 Kc3 44. Kg2 Kb2 45. b4 Kxa2 46. b5 Kb1 47. b6 a2 48. b7 a1=Q 49. b8=Q+ Qb2+ 50. Qxb2+ Kxb2 51. Kg3 Ka1 52. Kxg4 1/2-1/2

[Event "UKR-ch"]
[Site "Kremenchuk UKR"]
[Date "2020.11.19"]
[Round "2.5"]
[White "Shevchenko, Kirill"]
[Black "Golubka, Petro"]
[Result "1-0"]
[WhiteElo "2592"]
[BlackElo "2487"]
[WhiteFideId "-1"]
[BlackFideId "-1"]
[PlyCount "95"]
[GameId "2129404743905565"]
[EventDate "2020.11.18"]
[EventType "swiss"]
[EventRounds "9"]
[EventCountry "UKR"]
[SourceTitle "10 Days #634"]
[Source "ChessMix"]
[SourceDate "2020.12.01"]
[SourceVersion "1"]
[SourceVersionDate "2020.12.01"]
[SourceQuality "1"]
[TimeControl "40/5400+30:1800+30"]

1. e4 {[%emt 0:00:00]} c6 {[%emt 0:06:00]} 2. d4 {[%emt 0:00:00]} d5 {[%emt 0:00:09]} 3. f3 {[%emt 0:00:02]} e6 {[%emt 0:00:09]} 4. Nc3 {[%emt 0:00:17]} Qb6 {[%emt 0:00:12]} 5. a3 {[%emt 0:01:33]} Nf6 {[%emt 0:00:08]} 6. e5 {[%emt 0:03:33]} Nfd7 {[%emt 0:00:20]} 7. f4 {[%emt 0:00:15]} c5 {[%emt 0:00:06]} 8. Nf3 {[%emt 0:00:12]} cxd4 {[%emt 0:01:46]} 9. Nxd4 {[%emt 0:00:24]} Nc6 {[%emt 0:00:13]} 10. Nf3 {[%emt 0:10:25]} a6 {[%emt 0:07:48]} 11. Bd3 {[%emt 0:05:39]} Nc5 {[%emt 0:01:39]} 12. b4 {[%emt 0:04:58]} Nxd3+ {[%emt 0:00:30]} 13. Qxd3 {[%emt 0:00:32]} Bd7 {[%emt 0:00:27]} 14. Be3 {[%emt 0:02:50]} Qc7 {[%emt 0:03:05]} 15. Nd4 {[%emt 0:15:49]} Rc8 {[%emt 0:04:05]} 16. Nxc6 {[%emt 0:01:42]} Qxc6 {[%emt 0:00:09]} 17. Bd4 {[%emt 0:00:04]} Qc4 {[%emt 0:01:05]} 18. O-O {[%emt 0:05:12]} Be7 {[%emt 0:05:10]} 19. Qe3 {[%emt 0:03:04]} O-O {[%emt 0:00:30]} 20. Rf3 {[%emt 0:02:44]} f6 {[%emt 0:13:56]} 21. f5 {[%emt 0:06:55]} Rc6 {[%emt 0:00:32]} 22. Rf4 {[%emt 0:06:53]} fxe5 {[%emt 0:13:29]} 23. Bxe5 {[%emt 0:00:38]} Bg5 {[%emt 0:00:08]} 24. Qg3 {[%emt 0:00:49]} Qxf4 {[%emt 0:00:40]} 25. Bxf4 {[%emt 0:00:07]} Bxf4 {[%emt 0:00:06]} 26. Qxf4 {[%emt 0:00:11]} Rxc3 {[%emt 0:00:08]} 27. Qd6 {[%emt 0:02:03]} Bc8 {[%emt 0:00:23]} 28. fxe6 {[%emt 0:10:15]} Rc6 {[%emt 0:00:11]} 29. Qxd5 {[%emt 0:00:15]} Bxe6 {[%emt 0:00:09]} 30. Qe5 {[%emt 0:00:58]} Re8 {[%emt 0:02:30]} 31. Rc1 {[%emt 0:06:57]} Bf7 {[%emt 0:08:09]} 32. Qd4 {[%emt 0:00:56]} Rec8 {[%emt 0:00:18]} 33. a4 {[%emt 0:02:55]} b5 {[%emt 0:00:54]} 34. a5 {[%emt 0:00:27]} h5 {[%emt 0:01:03]} 35. c3 {[%emt 0:00:33]} Kh7 {[%emt 0:00:34]} 36. h3 {[%emt 0:01:36]} Bg6 {[%emt 0:00:53]} 37. Re1 {[%emt 0:00:51]} R8c7 {[%emt 0:01:01]} 38. Re3 {[%emt 0:00:29]} Bf7 {[%emt 0:01:44]} 39. Rf3 {[%emt 0:01:23]} Re6 {[%emt 0:04:44]} 40. Kh2 {[%emt 0:00:00]} Rce7 {[%emt 0:00:00]} 41. Qc5 {[%emt 0:06:11]} Bg6 {[%emt 0:05:52]} 42. Rf8 {[%emt 0:04:58]} Re8 {[%emt 0:00:58]} 43. Rxe8 {[%emt 0:02:39]} Rxe8 {[%emt 0:03:11]} 44. Qc6 {[%emt 0:03:13]} Re2 {[%emt 0:00:09]} 45. Qxa6 {[%emt 0:00:42]} Be4 {[%emt 0:00:06]} 46. Kg1 {[%emt 0:00:04]} Rxg2+ {[%emt 0:00:13]} 47. Kf1 {[%emt 0:00:02]} Rg3 {[%emt 0:01:37]} 48. Qc8 {[%emt 0:01:55]} 1-0

[Event "UKR-ch"]
[Site "Kremenchuk UKR"]
[Date "2020.11.21"]
[Round "4.9"]
[White "Koziak, Vitali"]
[Black "Golubka, Petro"]
[Result "1-0"]
[WhiteElo "2428"]
[BlackElo "2487"]
[WhiteFideId "-1"]
[BlackFideId "-1"]
[PlyCount "43"]
[GameId "2129404743905577"]
[EventDate "2020.11.18"]
[EventType "swiss"]
[EventRounds "9"]
[EventCountry "UKR"]
[SourceTitle "10 Days #634"]
[Source "ChessMix"]
[SourceDate "2020.12.01"]
[SourceVersion "1"]
[SourceVersionDate "2020.12.01"]
[SourceQuality "1"]
[TimeControl "40/5400+30:1800+30"]

1. e4 {[%emt 0:00:00]} c5 {[%emt 0:07:09]} 2. c3 {[%emt 0:00:00]} d5 {[%emt 0:00:06]} 3. exd5 {[%emt 0:00:00]} Qxd5 {[%emt 0:00:04]} 4. d4 {[%emt 0:00:03]} Nc6 {[%emt 0:00:06]} 5. Nf3 {[%emt 0:01:13]} Bf5 {[%emt 0:00:14]} 6. Be2 {[%emt 0:10:00]} cxd4 {[%emt 0:03:11]} 7. cxd4 {[%emt 0:00:35]} Bxb1 {[%emt 0:00:10]} 8. Rxb1 {[%emt 0:00:19]} e6 {[%emt 0:00:40]} 9. O-O {[%emt 0:05:01]} Qxa2 {[%emt 0:17:50]} 10. Be3 {[%emt 0:05:32]} Nf6 {[%emt 0:12:30]} 11. Ne5 {[%emt 0:05:47]} Qd5 {[%emt 0:08:27]} 12. Qa4 {[%emt 0:12:32]} Bd6 {[%emt 0:10:20]} 13. Bf3 {[%emt 0:25:58]} Ne4 {[%emt 0:01:23]} 14. Nc4 {[%emt 0:00:32]} Bc7 {[%emt 0:07:43]} 15. Qa3 {[%emt 0:07:33]} f5 {[%emt 0:03:53]} 16. Rbc1 {[%emt 0:08:25]} Rd8 {[%emt 0:03:08]} 17. Rfd1 {[%emt 0:04:49]} Kf7 {[%emt 0:03:26]} 18. Bg5 {[%emt 0:08:15]} Rc8 {[%emt 0:06:37]} 19. Ne5+ {[%emt 0:01:12]} Kg8 {[%emt 0:06:36]} 20. Rxc6 {[%emt 0:00:51]} bxc6 {[%emt 0:00:27]} 21. Qe7 {[%emt 0:00:12]} h6 {[%emt 0:01:32]} 22. Bf6 {[%emt 0:01:11]} 1-0

[Event "Czech op Rapid"]
[Site "Pardubice CZE"]
[Date "2020.09.23"]
[Round "1.5"]
[White "Hon, Jiri"]
[Black "Golubka, Petro"]
[Result "0-1"]
[WhiteElo "1689"]
[BlackElo "2492"]
[WhiteFideId "-1"]
[BlackFideId "-1"]
[PlyCount "49"]
[GameId "2130307592937559"]
[EventDate "2020.09.23"]
[EventType "swiss (rapid)"]
[EventRounds "9"]
[EventCountry "CZE"]
[SourceTitle "10 Days #628"]
[Source "ChessMix"]
[SourceDate "2020.10.01"]
[SourceVersion "1"]
[SourceVersionDate "2020.10.01"]
[SourceQuality "1"]

1. Nf3 b6 2. b3 Bb7 3. e3 Nf6 4. Bb2 e6 5. Be2 Be7 6. O-O O-O 7. c4 a5 8. a4 Na6 9. d4 Nb4 10. Nc3 Rb8 11. Ne5 d5 12. h3 Re8 13. cxd5 exd5 14. Rc1 c5 15. Bb5 Rf8 16. dxc5 bxc5 17. Nd3 Bd6 18. Ne2 Ne4 19. f3 Nxd3 20. Qxd3 Ng5 21. Nf4 Ne6 22. Nh5 Qg5 23. g4 Qh4 24. Kg2 d4 25. Kg1 0-1

[Event "Czech op Rapid"]
[Site "Pardubice CZE"]
[Date "2020.09.23"]
[Round "2.5"]
[White "Golubka, Petro"]
[Black "Mach, Petr"]
[Result "1-0"]
[WhiteElo "2492"]
[BlackElo "1970"]
[WhiteFideId "-1"]
[BlackFideId "-1"]
[PlyCount "43"]
[GameId "2130307592941674"]
[EventDate "2020.09.23"]
[EventType "swiss (rapid)"]
[EventRounds "9"]
[EventCountry "CZE"]
[SourceTitle "10 Days #628"]
[Source "ChessMix"]
[SourceDate "2020.10.01"]
[SourceVersion "1"]
[SourceVersionDate "2020.10.01"]
[SourceQuality "1"]

1. c4 Nf6 2. Nc3 d5 3. cxd5 Nxd5 4. Nf3 g6 5. Qa4+ Nc6 6. Ne5 Nxc3 7. bxc3 Bd7 8. Nxd7 Qxd7 9. Rb1 Rb8 10. g3 Bg7 11. Bg2 O-O 12. O-O Rfd8 13. Rxb7 Rxb7 14. Bxc6 Qc8 15. Bxb7 Qxb7 16. d4 c5 17. dxc5 Bxc3 18. Be3 Rc8 19. Rc1 Qb2 20. Kg2 Bd2 21. Rc2 Qb7+ 22. c6 1-0

[Event "Czech op Rapid"]
[Site "Pardubice CZE"]
[Date "2020.09.23"]
[Round "3.5"]
[White "Jedlicka, Ales"]
[Black "Golubka, Petro"]
[Result "0-1"]
[WhiteElo "2218"]
[BlackElo "2492"]
[WhiteFideId "-1"]
[BlackFideId "-1"]
[PlyCount "64"]
[GameId "2130307592941693"]
[EventDate "2020.09.23"]
[EventType "swiss (rapid)"]
[EventRounds "9"]
[EventCountry "CZE"]
[SourceTitle "10 Days #628"]
[Source "ChessMix"]
[SourceDate "2020.10.01"]
[SourceVersion "1"]
[SourceVersionDate "2020.10.01"]
[SourceQuality "1"]

1. d4 f5 2. Nf3 Nf6 3. g3 e6 4. Bg2 c5 5. O-O Nc6 6. c4 cxd4 7. Nxd4 Bc5 8. Nb3 Be7 9. Nc3 O-O 10. Bf4 d6 11. Qd2 h6 12. Rad1 e5 13. Be3 Be6 14. Nd5 e4 15. f3 Ne5 16. Rc1 Nxc4 17. Nxe7+ Qxe7 18. Qd4 d5 19. fxe4 fxe4 20. Nc5 Bg4 21. Nxe4 Nxe3 22. Nxf6+ gxf6 23. Bxd5+ Kh8 24. Rf4 Nxd5 25. Rxg4 Qxe2 26. Rh4 Rac8 27. Rc5 Qe1+ 28. Kg2 Ne3+ 29. Kf3 Rxc5 30. Qxc5 Qf1+ 31. Ke4 Re8+ 32. Kd4 Nf5+ 0-1

[Event "Czech op Rapid"]
[Site "Pardubice CZE"]
[Date "2020.09.23"]
[Round "4.3"]
[White "Golubka, Petro"]
[Black "Narr, Kevin"]
[Result "1-0"]
[WhiteElo "2492"]
[BlackElo "2041"]
[WhiteFideId "-1"]
[BlackFideId "-1"]
[PlyCount "47"]
[GameId "2130307592941711"]
[EventDate "2020.09.23"]
[EventType "swiss (rapid)"]
[EventRounds "9"]
[EventCountry "CZE"]
[SourceTitle "10 Days #628"]
[Source "ChessMix"]
[SourceDate "2020.10.01"]
[SourceVersion "1"]
[SourceVersionDate "2020.10.01"]
[SourceQuality "1"]

1. d4 d5 2. Nf3 Nf6 3. Bf4 c5 4. c3 cxd4 5. cxd4 Nc6 6. Nc3 a6 7. Ne5 Qb6 8. Nxc6 bxc6 9. Qd2 Bf5 10. Na4 Qb5 11. Nc5 Ne4 12. Nxe4 Bxe4 13. e3 Qb7 14. a3 e6 15. f3 Bg6 16. h4 h5 17. b4 a5 18. bxa5 c5 19. dxc5 Qb3 20. Qb4 Bc2 21. Bb5+ Kd8 22. Kd2 Rc8 23. Qxb3 Bxb3 24. c6 1-0

[Event "Czech op Rapid"]
[Site "Pardubice CZE"]
[Date "2020.09.24"]
[Round "5.1"]
[White "Plat, Vojtech"]
[Black "Golubka, Petro"]
[Result "1/2-1/2"]
[WhiteElo "2562"]
[BlackElo "2492"]
[WhiteFideId "-1"]
[BlackFideId "-1"]
[PlyCount "50"]
[GameId "2130307592941729"]
[EventDate "2020.09.23"]
[EventType "swiss (rapid)"]
[EventRounds "9"]
[EventCountry "CZE"]
[SourceTitle "10 Days #628"]
[Source "ChessMix"]
[SourceDate "2020.10.01"]
[SourceVersion "1"]
[SourceVersionDate "2020.10.01"]
[SourceQuality "1"]

1. d4 d5 2. c4 e6 3. Nc3 c5 4. cxd5 exd5 5. Nf3 Nc6 6. g3 Nf6 7. Bg2 Be7 8. O-O O-O 9. dxc5 Bxc5 10. Bg5 d4 11. Na4 Be7 12. Rc1 h6 13. Bxf6 Bxf6 14. Nc5 Re8 15. Nd2 Rb8 16. Re1 Bg5 17. h4 Bf6 18. Ndb3 Na5 19. Nd2 Be7 20. b4 Nc6 21. a3 Ne5 22. Ndb3 b6 23. Nd3 Bf6 24. Nf4 d3 25. Nxd3 Nxd3 1/2-1/2